000 00303nam a22001337a 4500
008 171030b xxu||||| |||| 00| 0 eng d
020 _a9780324015652
041 _aeng
080 _22ND
_a33
100 _a58
101 _aBUS
245 _aBUSINESS ANALYSIS & VALUATION
_cPALEPU,K.G
942 _2udc
_cBK
999 _c36581
_d36581